UBT Library

Complementary & alternative therapies for nursing practice / (Record no. 47293)

000 -LEADER
fixed length control field 01113cam a22003374a 4500
001 - CONTROL NUMBER
control field 15866339
005 - DATE AND TIME OF LATEST TRANSACTION
control field 20180823085906.0
008 - FIXED-LENGTH DATA ELEMENTS--GENERAL INFORMATION
fixed length control field 090812s2011 maua b 001 0 eng
010 ## - LIBRARY OF CONGRESS CONTROL NUMBER
LC control number 2009033284
015 ## - NATIONAL BIBLIOGRAPHY NUMBER
National bibliography number GBB031692
Source bnb
016 7# - NATIONAL BIBLIOGRAPHIC AGENCY CONTROL NUMBER
Record control number 101513047
Source DNLM
016 7# - NATIONAL BIBLIOGRAPHIC AGENCY CONTROL NUMBER
Record control number 015495350
Source Uk
020 ## - INTERNATIONAL STANDARD BOOK NUMBER
International Standard Book Number 9780135102466 (pbk.)
020 ## - INTERNATIONAL STANDARD BOOK NUMBER
International Standard Book Number 0135102464
035 ## - SYSTEM CONTROL NUMBER
System control number (OCoLC)ocn430443042
040 ## - CATALOGING SOURCE
Original cataloging agency DNLM/DLC
Transcribing agency DLC
Modifying agency NLM
-- YDXCP
-- C#P
-- BWX
-- CDX
-- UKM
-- DLC
041 ## - LANGUAGE CODE
Language code of text/sound track or separate title eng
042 ## - AUTHENTICATION CODE
Authentication code pcc
060 00 - NATIONAL LIBRARY OF MEDICINE CALL NUMBER
Classification number 2010 D-433
060 10 - NATIONAL LIBRARY OF MEDICINE CALL NUMBER
Classification number WB 890
Item number F678c 2011
080 ## - UNIVERSAL DECIMAL CLASSIFICATION NUMBER
Universal Decimal Classification number 615.5
082 00 - DEWEY DECIMAL CLASSIFICATION NUMBER
Classification number 615.5
Edition number 22
100 1# - Rafti
Rafti 3
101 ## - Shkurtesa
Shkurtesa NUR
245 10 - TITLE STATEMENT
Title Complementary & alternative therapies for nursing practice /
Statement of responsibility, etc Karen Lee Fontaine.
246 3# - VARYING FORM OF TITLE
Title proper/short title Complementary and alternative therapies for nursing practice
504 ## - BIBLIOGRAPHY, ETC. NOTE
Bibliography, etc Includes bibliographical references and index.
906 ## - LOCAL DATA ELEMENT F, LDF (RLIN)
a 7
b cbc
c orignew
d 1
e ecip
f 20
g y-gencatlg
942 ## - ADDED ENTRY ELEMENTS (KOHA)
Source of classification or shelving scheme
Item type Books
Holdings
Withdrawn status Lost status Source of classification or shelving scheme Damaged status Not for loan Collection code Permanent location Current location Date acquired Total Checkouts Full call number Barcode Date last seen Price effective from Koha item type
          Koleksioni i përgjithshem UBT - Lipjan UBT - Lipjan 08/23/2018   615.5 FON 002-3012054 08/23/2018 08/23/2018 Books
UBT Library © 2015-2024. All rights reserved University Education for Business and Technology